Southville International School and Colleges
Your cart is empty.
  • Cart
  • Lists
    Public lists Eva Luna New books Lux_list list_1
    Your lists Log in to create your own lists
  • Log in to your account
  • Your cookies
  • Search history
Southville International School and Colleges
  • Advanced search
  • Recent comments
  • Most popular
  • Libraries

Log in to your account

Log in with GOOGLE


If you do not have an external account, but do have a local account, you can still log in:

  1. Home
  2. MARC view: The entrepreneur equation :
Normal view MARC view ISBD view

The entrepreneur equation : (Record no. 25285)

[ view plain ]
MARC details
000 -LEADER
fixed length control field 00733nam a2200217 a 4500
005 - DATE AND TIME OF LATEST TRANSACTION
control field 20140310183614.0
008 - FIXED-LENGTH DATA ELEMENTS--GENERAL INFORMATION
fixed length control field 120830s19uu xx 00 eng d
020 ## - INTERNATIONAL STANDARD BOOK NUMBER
International Standard Book Number 9781936661862
050 ## - LIBRARY OF CONGRESS CALL NUMBER
Classification number HB 615
Item number .R68 2012
100 ## - MAIN ENTRY--PERSONAL NAME
Personal name Roth, Carol
245 ## - TITLE STATEMENT
Title The entrepreneur equation :
Remainder of title evaluating the realities, risks, and rewards of having your own business /
Statement of responsibility, etc Carol Roth.
260 ## - PUBLICATION, DISTRIBUTION, ETC. (IMPRINT)
Place of publication, distribution, etc Texas, United States :
Name of publisher, distributor, etc BenBella Books, Inc,
Date of publication, distribution, etc 2012.
300 ## - PHYSICAL DESCRIPTION
Extent xix, 299 p. :
Dimensions 22 cm.
500 ## - GENERAL NOTE
General note Includes bibliographical references and index
521 ## - TARGET AUDIENCE NOTE
Target audience note
546 ## - LANGUAGE NOTE
Language note C15291
650 ## - SUBJECT ADDED ENTRY--TOPICAL TERM
Topical term or geographic name as entry element Entrepreneurship
650 ## - SUBJECT ADDED ENTRY--TOPICAL TERM
Topical term or geographic name as entry element New business enterprises
General subdivision Management
650 ## - SUBJECT ADDED ENTRY--TOPICAL TERM
Topical term or geographic name as entry element Small business
General subdivision Management
942 ## - ADDED ENTRY ELEMENTS (KOHA)
Koha item type Books
Source of classification or shelving scheme Library of Congress Classification
Call number prefix Foreign
Holdings
Withdrawn status Lost status Source of classification or shelving scheme Damaged status Home library Current library Shelving location Date acquired Total Checkouts Full call number Barcode Date last seen Date checked out Copy number Price effective from Koha item type
    Library of Congress Classification   College Library College Library General Circulation Section 12/09/2013 2 HB 615 .R68 2012 C15291 05/15/2018 01/07/2015 1 12/09/2013 Books

The entrepreneur equation :

APA

Roth C., . (2012). The entrepreneur equation. Texas, United States: BenBella Books, Inc.

Chicago

Roth Carol, . 2012. The entrepreneur equation. Texas, United States: BenBella Books, Inc.

Harvard

Roth C., . (2012). The entrepreneur equation. Texas, United States: BenBella Books, Inc.

MLA

Roth Carol, . The entrepreneur equation. Texas, United States: BenBella Books, Inc. 2012.

  • Place hold
  • Print
  • Cite
  • Add to your cart (remove)
  • Save record
    BIBTEX Dublin Core MARCXML MARC (non-Unicode/MARC-8) MARC (Unicode/UTF-8) MARC (Unicode/UTF-8, Standard) MODS (XML) RIS
  • More searches
    Search for this title in:
    Other Libraries (WorldCat) Other Databases (Google Scholar) Online Stores (Bookfinder.com) Open Library (openlibrary.org)

Exporting to Dublin Core...

SOUTHVILLE LIBRARY

Southville International School and Colleges Library

1281 Tropical Ave. Cor. Luxembourg St., BF Homes International, Las Pinas City

Tel. No. 8256374 / 252358 Loc. 117/146

Powered by Koha